Statistics for Movie Professions Quiz

Click here to take the quiz!

General Stats

  • This quiz has been taken 33,195 times
    (24,125 since last reset)
  • The average score is 12 of 21

Answer Stats

Character Profession % Correct
Jack SparrowPirate
95%
James BondSpy
93%
Rocky BalboaBoxer
92%
Clark KentReporter
83%
Indiana JonesArchaeologist
82%
Ron BurgundyNews Anchor
79%
Derek ZoolanderModel
77%
John McClanePolice Officer
70%
SpartacusGladiator
65%
Atticus FinchLawyer
63%
Boba FettBounty Hunter
57%
Deuce BigalowGigolo
53%
Pepper PottsSecretary
52%
Greg FockerNurse
51%
Clarice StarlingFBI Agent
44%
Vincent VegaHitman
35%
Mr. MiyagiMaintenance Man
34%
Peter VenkmanGhostbuster
32%
JafarGrand Vizier
20%
Danny NoonanCaddy
9%
Karl HungusPorn Star
6%

Score Distribution

Percentile by Number Answered

Percent of People with Each Score

Your Score History

You have not taken this quiz since the last reset